00401 a2200133 4500020001500000050002200015100002600037245006900063264002700132300002300159500001900182650002700201650003900228 a8176351393 aQA 76.73 MAU 1998 aMauer, Lowelleauthor aSans teach yourself more visual basic 6 in 21 dayscLowell Mauer aNewDwlhi :bSamsc1998 axix, 677p. :bill. aIncludes index aMicrosoft Visual BASIC a BASIC (Computer program language)